000 00595nam 2200157 4500
001 6069
090 _a6069
100 _a20190729k u||y0frey50 ba
101 _afre
200 _aDossier Mox
_bBrochure
_fGroupement de Scientifiques pour l'Information sur l'Énergie Nucléaire
_gMonique Sené
210 _cGroupement de Scientifiques pour l'Information sur l'Énergie Nucléaire
_d1996
215 _a17 p.
_d30 cm.
606 _9648
_aNucléaire (Energie)
701 _96973
_aMonique Sené
710 _94727
_aGroupement de Scientifiques pour l'information sur l'Energie Nucléaire
801 _aCH
_bCH-002049-8